Об изменении постановления о праве владения, пользования и распоряжения жел. дор. подвижным составом

Доступно только в Электронных читальных залах Найти на картеНа карте
RUSMARC
00003914nac2a22002653x 450
001f36fcf78-2a91-4d01-a594-a1c18a903838
00520230109201834.0
100##$a20221117l19261926k y0rusy50 ca
1010#$arus
$amul
102##$aRU
105##$ay z |||||
1222#$ad19260509
$ad19260517
2001#$aОб изменении постановления о праве владения, пользования и распоряжения жел. дор. подвижным составом
$j09.05.1926 - 17.05.1926
215##$a13 листов
251##$cДело
300##$aЧасть текста на языках народов СССР
300##$aНа папке дела: 9 апреля 1926 г. - 17 мая 1926 г.
300##$aВ деле обратная нумерация
300##$aЧасть текста машинописная и рукописная, часть - напечатана типографским способом
461#0$1001796d4672-8a00-4986-b488-6e42273792cc
$12001
$aЦЕНТРАЛЬНЫЙ ИСПОЛНИТЕЛЬНЫЙ КОМИТЕТ СССР (ЦИК СССР).
$1251
$cФонд
$1852
$gР
$j3316
462#0$1001e365b2fb-f374-4764-a068-dc9012f0aaee
$12001
$aДела Секретариата Президиума ЦИК Союза ССР за 1926 г.
$vД. 562
$1251
$cОпись
$1852
$j19
60101$3RU\NLR\AUTH\880357276
$aСССР
$bЦИК
801#0$aRU
$bGA_RF
801#1$aRU
$bГлавНИВЦ
$c20221117
$2rusmarc
801#2$aRU
$bПБ им. Б.Н. Ельцина
$c20230109
$gRCR
$2rusmarc
852##$aГА РФ
$j562
937##$d181902630
$hГАРФ
035##$aRuPRLIB51070593
856##$uhttp://readingroom.main.prlib.ru/item.aspx?id_node=n181902630&mode=full
Формат отображения